Consensus and peace (Record no. 4187)

MARC details
000 -LEADER
fixed length control field 00915nam a2200301 4500
003 - CONTROL NUMBER IDENTIFIER
control field LK-CoMWRAF
008 - FIXED-LENGTH DATA ELEMENTS--GENERAL INFORMATION
fixed length control field 231120b1980 |||||||| |||| 00| 0 eng d
020 ## - INTERNATIONAL STANDARD BOOK NUMBER
International Standard Book Number 9231018515
040 ## - CATALOGING SOURCE
Original cataloging agency LK-CoMWRAF
Modifying agency LK-CoMWRAF
Description conventions LK-CoMWRAF
041 ## - LANGUAGE CODE
Language code of text/sound track or separate title English
082 ## - DEWEY DECIMAL CLASSIFICATION NUMBER
Classification number 327.172
Item number CON
942 ## - ADDED ENTRY ELEMENTS (KOHA)
Koha item type Conference Proceeding
111 ## - MAIN ENTRY--MEETING NAME
Meeting name or jurisdiction name as entry element SYMPOSIUM ON 'CONSENSUS'
Location of meeting (Oslo
Date of meeting 31st March- 2nd April 2, 1980)
700 ## - ADDED ENTRY--PERSONAL NAME
Personal name Kiflé Sélassié, Beseat
relator term editor
700 ## - ADDED ENTRY--PERSONAL NAME
Personal name Amadeo, Mario
relator term editor
700 ## - ADDED ENTRY--PERSONAL NAME
Personal name Antoine, Gérald
relator term editor
700 ## - ADDED ENTRY--PERSONAL NAME
Personal name Daker, Rachid
relator term editor
700 ## - ADDED ENTRY--PERSONAL NAME
Personal name Eide, Asbjørn
relator term editor
700 ## - ADDED ENTRY--PERSONAL NAME
Personal name Javorski, Mihajlo
relator term editor
700 ## - ADDED ENTRY--PERSONAL NAME
Personal name Ruiz-Giménez, Joaquín
relator term editor
700 ## - ADDED ENTRY--PERSONAL NAME
Personal name Wade, Abdoulaye
relator term editor
710 ## - ADDED ENTRY--CORPORATE NAME
Corporate name or jurisdiction name as entry element Unesco, Director General
245 ## - TITLE STATEMENT
Title Consensus and peace
260 ## - PUBLICATION, DISTRIBUTION, ETC. (IMPRINT)
Place of publication, distribution, etc. Paris:
Name of publisher, distributor, etc. Unesco,
Date of publication, distribution, etc. 1980
300 ## - PHYSICAL DESCRIPTION
Extent 231 p. ; 21 cm.
650 ## - SUBJECT ADDED ENTRY--TOPICAL TERM
Topical term or geographic name as entry element PEACE-Congresses.
650 ## - SUBJECT ADDED ENTRY--TOPICAL TERM
Topical term or geographic name as entry element Consensus (Social sciences)--Congresses.
Holdings
Withdrawn status Lost status Damaged status Not for loan Permanent Location Current Location Date acquired Full call number Barcode Koha item type
        Resource center, Muslim Women's Research And Action Forum Resource center, Muslim Women's Research And Action Forum 2023-11-20 327.172 CON RAF3108 Conference Proceeding

Copyright © 2023 Muslim Women's Research and Action Forum (MWRAF), No 27/3, Anderson Road, Kalubowila, Dehiwela. Funded by The Asia Fundation